000 00635nam a2200253Ia 4500
003 OSt
005 20221006144007.0
006 a|||||r|||| 00| 0
007 ta
008 221006b |||||||| |||| 00| 0 eng d
020 _c562.00
024 _a10,598
037 _cTextual
040 _aEASL
_cEASL
_beng
041 _2eng
_aeng
082 _aW6.41.N86, M8
100 _aSHAOZHI Su
_9125205
245 0 _aDemocratization and reform
260 _aNottingham
_bSpokesman
_c1988
300 _a181p.
_ccm.
490 _v CEL
942 _hW6.41.N86, M8
_cTEXL
_2CC
999 _c1078684
_d1078684